000 00451nam a2200181Ia 4500
001 11528
005 20260306162834.0
008 260306t1970||||xx |||||||||||||| ||spa||
041 _aESP
082 _a985.071
_bU831 T. 4
100 _aUgarteche, Pedro
_eAUT
245 0 _aSánchez Cerro:
_bPapeles y recuerdos de un Presidente del Perú
260 _c1970
300 _a
_c20 cm.
650 _aGEN
654 _aCHU
942 _cLIB
_dJUS
_fJUS
_2ddc
_n
999 _c11528
_d11528